[Event "FIDE Chess.com Grand Swiss"]
[Site "Douglas"]
[Date "2019.10.15"]
[Round "6"]
[White "Caruana, Fabiano"]
[Black "Fedoseev, Vladimir1"]
[Result "1-0"]
[WhiteElo "2812"]
[BlackElo "2664"]
[Annotator "Caruana,F"]
[PlyCount "87"]
[EventDate "2019.10.10"]
[EventType "swiss"]
[EventRounds "11"]
[EventCountry "IOM"]
[SourceTitle "CBM 193"]
[Source "ChessBase"]
[SourceDate "2019.12.31"]
[SourceVersion "1"]
[SourceVersionDate "2019.12.31"]
[SourceQuality "1"]

{This game was played the day after a marathon against Luke McShane, where I
was outplayed by my opponent, forced on the back foot for the better part of 7
hours and survived only by a miracle. Several times I was a move away from
resignation. After a close call like that I felt both exhausted and inspired.} 
1. e4 c5 2. Nf3 Nc6 3. Bb5 g6 4. O-O Bg7 5. c3 e5 6. d4 $5 {So I went for a
very sharp line, involving a long term pawn sacrifice. I didn't feel like I
had much energy, but I still wanted a double-edged fight and to put pressure
on my opponent from the open.} cxd4 7. cxd4 exd4 8. Bf4 {After this it seemed
that Fedoseev was already somewhat unfamiliar with the position. His
preparation for this variation was probably not thorough enough.} Nge7 9. Bd6
O-O $6 {This surprised me. I remembered that Black should go for an early ...
a6, ...b5, ...Bb7 in order to have ...Nc8, kicking the bishop from d6.} (9...
a6 10. Bc4 b5 11. Bb3 Bb7 {, with Nc8 coming next, is what I had expected.})
10. Nbd2 {I spent a lot of time on this move, trying to familiarize myself
with the position. However, it seems I didn't choose the most accurate option.}
({I should have restricted Black on the queenside:} 10. a4 $1 a6 11. Bc4 {
Now ...b5 isn't available for Black.} b6 12. Nbd2 Bb7 13. Re1 {, and Black
will find it very hard to liberate himself.}) 10... a6 11. Qa4 Ra7 {This isn't
dynamic enough. Black already had to go for drastic measures.} (11... b6 12.
Qa3 Bb7 $1 {An exchange sacrifice to help Black regain some freedom for his
pieces.} 13. Bxc6 Nxc6 14. Bxf8 Bxf8 15. Qa4 {White is slightly better, but
Black has counterplay and good chances to defend.}) 12. Bd3 b5 13. Qc2 {
Now Black also has to deal with Qc5 ideas, hitting the stray rook on a7.
However, White's main idea is to play a4, fracturing Black's queenside pawns
and opening the c4-square for the knight or bishop to use.} Bb7 14. a4 bxa4 ({
I was expecting Black to give back the pawn with} 14... Re8 15. axb5 axb5 16.
Bxb5 Rxa1 17. Rxa1 Nc8 {, but after the accurate} 18. Bc5 $1 {the d4-pawn is
very weak and White is likely to come out a pawn ahead.}) 15. Rxa4 a5 {Now
Black has ideas of ...Ba6. Trading off some pieces is undoubtedly in Black's
favor, but because of his cramped position, he will still run into tactical
problems.} (15... Re8 $2 {attempting to dislodge the bishop with ...Nc8, runs
into} 16. Bc4 $1 Nc8 17. Bc5 Ra8 18. Qb3 {, hitting the bishop and f7-pawn and
winning the game.}) 16. h4 $6 {A lazy move. I had an abundance of choice and
couldn't decide on the right move.} (16. b4 {was simple and strong:} Ra8 (16...
axb4 $2 17. Rxa7 Nxa7 18. Bxe7 Qxe7 19. Qc7 {, winning a piece, is the
tactical point of b4.}) 17. bxa5 (17. b5 Nb4 {didn't seem clear to me and was
the reason I rejected 16.b4}) 17... Rxa5 18. Rb1 $1 Ba8 19. Nc4 Rxa4 20. Qxa4 {
, and White has an enormous advantage because Black is practically unable to
move a piece.}) 16... Ba6 $2 ({It was again time for drastic measures:} 16...
Nc8 $1 17. Bxf8 Bxf8 {is a straight exchange sacrifice, and of course Black
doesn't have full compensation, but because of the counterplay with ...Nb4 he
would have good practical chances to defend.}) 17. Bxa6 Rxa6 18. b4 $1 {
The tactical problem with ...Ba6. The a-pawn is pinned and White threatens the
decisive b5.} Na7 {Forced.} (18... Ra8 $2 19. b5 Nb4 20. Qb3 {, and with the
knight on e7 fully pinned and Nc4 coming, Black would be dead lost.}) 19. Qc5
$2 {Another inaccurate move. My technique was far from ideal in this game.} (
19. e5 $1 {was my first instinct, and as usual it was what I should have
trusted.} Rc6 20. Qd3 Rc3 21. Qxd4 Nb5 {seemed messy to me, but after} 22. Bxe7
Qxe7 23. Qb6 {the tactics work out for White and I would have been a solid
pawn up.}) 19... Nac8 {Now a forced sequence of moves begins.} (19... Re8 20.
e5 {is now crushing, since b5 is unstoppable.}) 20. Bc7 Qe8 21. b5 d6 {Forced,
so as not to allow b6.} 22. Qc4 d5 $2 {This move absolutely shocked me. It
hadn't even crossed my mind when I was calculating beforehand. After seeing it
on the board I couldn't understand what my opponent was hoping for, because it
looked like I had an abundance of good options.} (22... Nb6 $1 {is absolutely
forced.} 23. Bxb6 Rxb6 24. Rxa5 {White still has a solid advantage, but
Black's defensive chances are reasonable. I was rather upset at myself for
having not made the most of my advantage.}) 23. Qc5 $1 {The cleanest
refutation. Once I saw this move I barely hesitated.} (23. exd5 Nd6 24. Bxd6
Rxd6 {is of course not what White wants.}) (23. Qd3 $5 {also seemed very
strong, however. But Qc5 was just too tempting to pass by.}) 23... dxe4 24.
Nxe4 d3 $5 {A sneaky move, but not difficult to refute.} ({I believe that one
of the things that Fedoseev missed was that} 24... Re6 25. Nfg5 {traps the
rook on e6 and wins.}) (24... Ra7 {was the most tenacious defense, and among
other winning moves White has the powerful} 25. Re1 $1 {, with unstoppable
threats.} (25. Rxa5 Rxa5 26. Bxa5 {is also simple and good. The trapped knight
on c8 and the passed b5-pawn constitute White's winning advantage.})) 25. Ra3 {
A good move, but not the only one.} ({The point of d3 is that} 25. bxa6 $2 Qxa4
{hits the knight on e4.}) (25. Rc4 $1 Ra7 26. b6 Rb7 27. Qxa5 {was also
crushing.}) 25... Re6 ({Fedoseev understandably didn't want to maroon his rook
with} 25... Ra7 26. b6 Rb7 {, but perhaps it was slightly more tenacious than
his choice.}) 26. Nfg5 {Now Black is forced to abandon his rook, so White
secures a decisive material advantage} Nf5 27. Nxe6 Qxe6 28. Ra4 $1 {This move
was psychologically difficult to decide on, because my rook just came from a4,
but stopping anything from coming to d4 is worth it. The rest was easy.} Re8
29. b6 {This pawn is so strong it will cost Black more material.} Qd7 30. Qxa5
Nxb6 31. Bxb6 Qc6 32. f3 d2 33. Bf2 Bh6 34. Ra3 Qc2 35. Qd5 Qc1 36. Ra7 Rf8 37.
Ra1 ({Actually here I had a scary moment. I'm up a rook and nearly any move
wins, but I was briefly considering} 37. Ng5 $4 {and then realized that it
allows} Ne3 $1 38. Bxe3 d1=Q 39. Rxd1 Qxe3+ {, and the rook on a7 surprisingly
falls. Thankfully I avoided that disaster!}) 37... Ne3 38. Bxe3 Bxe3+ 39. Kh1
Qc7 40. Qd3 Bh6 41. Qd4 Rd8 42. Nf6+ Kh8 43. Nd5+ Kg8 44. Ra8 {And here
Fedoseev threw in the towel. This win helped me secure a share of first place,
which I held to the end. Wang Hao caught me with a clutch win against David
Howell in the last round, edging me on tiebreaks and securing qualification to
the 2020 Candidates. Congratulations to him!} 1-0

[Event "PRO League Stage"]
[Site "Chess.com INT"]
[Date "2020.01.08"]
[Round "1"]
[White "Caruana, Fabiano"]
[Black "Guseinov, Gadir"]
[Result "1-0"]
[WhiteElo "2822"]
[BlackElo "2666"]
[PlyCount "157"]
[EventDate "2020.01.06"]
[EventType "team-swiss (rapid)"]
[EventRounds "7"]
[EventCountry "USA"]
[SourceTitle "CBM 194 Extra"]
[Source "ChessBase"]
[SourceDate "2020.03.31"]
[SourceVersion "1"]
[SourceVersionDate "2020.03.31"]
[SourceQuality "1"]
[WhiteTeam "Saint Louis Arch Bishops"]
[BlackTeam "New York Marshalls"]
[WhiteTeamCountry "USA"]
[BlackTeamCountry "USA"]

1. e4 c5 2. Nf3 g6 3. d4 cxd4 4. Nxd4 Nc6 5. c4 Nf6 6. Nc3 Nxd4 7. Qxd4 d6 8.
Be3 Bg7 9. f3 O-O 10. Qd2 Be6 11. Rc1 Qa5 12. Be2 Rfc8 13. b3 a6 14. Na4 Qxd2+
15. Kxd2 Nd7 16. g4 f5 17. exf5 gxf5 18. g5 d5 19. Rhd1 dxc4 20. bxc4 b5 21.
cxb5 axb5 22. Rxc8+ Rxc8 23. Bxb5 Ne5 24. f4 Nc4+ 25. Ke2 Nxe3 26. Kxe3 Bxa2
27. Bd7 Rc2 28. Bxf5 Rxh2 29. Nc5 Kf7 30. Rd7 Bb2 31. Ne4 Ba3 32. Ra7 Bc1+ 33.
Kf3 Bd5 34. Kg3 Re2 35. Nf6 Bc6 36. Rc7 Rg2+ 37. Kh3 Bxf4 38. Rxc6 Rg3+ 39. Kh4
exf6 40. gxf6 Rg1 41. Be4 Bg5+ 42. Kh5 Bxf6 43. Bd5+ Kg7 44. Rc7+ Kf8 45. Rf7+
Ke8 46. Rxf6 Ke7 47. Ra6 Re1 48. Kg4 Re5 49. Bf3 h5+ 50. Kf4 Rb5 51. Be2 Rc5
52. Bd3 h4 53. Bf5 Rc4+ 54. Ke5 Rc5+ 55. Ke4 Rc4+ 56. Kd5 Rb4 57. Rh6 Kf7 58.
Be4 Kg7 59. Rh7+ Kf6 60. Rxh4 Rb5+ 61. Kc4 Ra5 62. Kd4 Ra4+ 63. Ke3 Ra1 64. Kf4
Rf1+ 65. Bf3 Rf2 66. Rh6+ Ke7 67. Ke4 Rf1 68. Bg4 Re1+ 69. Kd5 Rg1 70. Bf5 Re1
71. Be4 Ra1 72. Ke5 Ra5+ 73. Bd5 Kf8 74. Kf6 Ke8 75. Be6 Kd8 76. Rh7 Rc5 77.
Rd7+ Ke8 78. Rd6 Rc7 79. Ra6 1-0

[Event "PRO League Stage"]
[Site "Chess.com INT"]
[Date "2020.01.08"]
[Round "1"]
[White "Caruana, Fabiano"]
[Black "Sevian, Samuel"]
[Result "0-1"]
[WhiteElo "2822"]
[BlackElo "2660"]
[PlyCount "138"]
[EventDate "2020.01.06"]
[EventType "team-swiss (rapid)"]
[EventRounds "7"]
[EventCountry "USA"]
[SourceTitle "CBM 194 Extra"]
[Source "ChessBase"]
[SourceDate "2020.03.31"]
[SourceVersion "1"]
[SourceVersionDate "2020.03.31"]
[SourceQuality "1"]
[WhiteTeam "Saint Louis Arch Bishops"]
[BlackTeam "New York Marshalls"]
[WhiteTeamCountry "USA"]
[BlackTeamCountry "USA"]

1. e4 e5 2. Nf3 Nc6 3. Bb5 a6 4. Ba4 Nf6 5. d3 Bc5 6. c3 b5 7. Bc2 d6 8. Nbd2
O-O 9. h3 Re8 10. Nf1 d5 11. Bg5 Be6 12. Ng3 h6 13. Bxf6 Qxf6 14. Qe2 Rad8 15.
Bb3 Bb6 16. O-O d4 17. Kh2 dxc3 18. bxc3 Bxb3 19. axb3 a5 20. Nf5 b4 21. c4 Ne7
22. c5 Bxc5 23. Rxa5 Qb6 24. Ra2 Nxf5 25. exf5 Qd6 26. Qe4 Qxd3 27. Nd2 Qd4 28.
g3 Bb6 29. Kg2 Qxe4+ 30. Nxe4 Rd3 31. Rb1 Red8 32. g4 Kh7 33. h4 R8d4 34. Re2
g6 35. h5 Kg7 36. f6+ Kh7 37. f3 Rd1 38. Rxd1 Rxd1 39. Rd2 Rxd2+ 40. Nxd2 gxh5
41. gxh5 c5 42. Kg3 Bd8 43. Kg4 Bxf6 44. Kf5 Bg5 45. Nc4 Bf4 46. Nb2 Be3 47.
Nc4 Bd4 48. Nd2 Kg7 49. Nc4 Kf8 50. Nd6 Ke7 51. Nc4 Kd7 52. Nd2 Kc7 53. Nc4 Bc3
54. Ke4 Kd7 55. Kf5 Ke7 56. Ne3 Kd6 57. Nc4+ Kd5 58. Na5 Kd4 59. Nc4 Kd3 60.
Kg4 e4 61. fxe4 Kxe4 62. Nd6+ Kd3 63. Nc4 Kc2 64. Na5 Be5 65. Kf5 Bc7 66. Nb7
Bb6 67. Kf6 Kxb3 68. Kg7 c4 69. Kxh6 c3 0-1

[Event "PRO League Stage"]
[Site "Chess.com INT"]
[Date "2020.01.08"]
[Round "1"]
[White "Moranda, Wojciech"]
[Black "Caruana, Fabiano"]
[Result "0-1"]
[WhiteElo "2601"]
[BlackElo "2822"]
[PlyCount "106"]
[EventDate "2020.01.06"]
[EventType "team-swiss (rapid)"]
[EventRounds "7"]
[EventCountry "USA"]
[SourceTitle "CBM 194 Extra"]
[Source "ChessBase"]
[SourceDate "2020.03.31"]
[SourceVersion "1"]
[SourceVersionDate "2020.03.31"]
[SourceQuality "1"]
[WhiteTeam "New York Marshalls"]
[BlackTeam "Saint Louis Arch Bishops"]
[WhiteTeamCountry "USA"]
[BlackTeamCountry "USA"]

1. d4 Nf6 2. c4 e6 3. Nf3 Nc6 4. g3 Bb4+ 5. Nbd2 d5 6. Bg2 O-O 7. O-O b6 8. Qc2
Bb7 9. a3 Bxd2 10. Bxd2 Ne4 11. Bf4 a5 12. Rfd1 a4 13. Rac1 Qe7 14. Ne5 Nxe5
15. Bxe5 Rfc8 16. cxd5 exd5 17. Bh3 c5 18. Bxc8 Bxc8 19. Bf4 Bf5 20. f3 Nxg3
21. e4 Nh5 22. Bg3 dxe4 23. fxe4 Bxe4 24. Re1 f5 25. dxc5 Qg5 26. Qf2 bxc5 27.
Rxc5 Qg4 28. Qe2 Qxe2 29. Rxe2 Nxg3 30. hxg3 h5 31. Rd2 Ra6 32. Kf2 Kh7 33. Rc4
Kh6 34. Rdd4 Rb6 35. Rb4 Rc6 36. Rdc4 Rd6 37. Rd4 Rc6 38. Rbc4 Rb6 39. Rd2 Rb3
40. Rc3 Rb6 41. Ke3 Kg5 42. Rd7 g6 43. Rd2 Kg4 44. Kf2 g5 45. Re2 h4 46. gxh4
gxh4 47. Rc8 Rh6 48. Rg8+ Kf4 49. Kg1 Rc6 50. Rh8 Kf3 51. Rf2+ Ke3 52. Rxh4
Rg6+ 53. Kf1 Bd3+ 0-1

[Event "PRO League Stage"]
[Site "Chess.com INT"]
[Date "2020.01.20"]
[Round "3"]
[White "Caruana, Fabiano"]
[Black "Bruzon Batista, Lazaro"]
[Result "1-0"]
[WhiteElo "2822"]
[BlackElo "2640"]
[PlyCount "111"]
[EventDate "2020.01.06"]
[EventType "team-swiss (rapid)"]
[EventRounds "7"]
[EventCountry "USA"]
[SourceTitle "CBM 194 Extra"]
[Source "ChessBase"]
[SourceDate "2020.03.31"]
[SourceVersion "1"]
[SourceVersionDate "2020.03.31"]
[SourceQuality "1"]
[WhiteTeam "Saint Louis Arch Bishops"]
[BlackTeam "Chicago Wind"]
[WhiteTeamCountry "USA"]
[BlackTeamCountry "USA"]

1. e4 e5 2. Nf3 Nc6 3. Bb5 a6 4. Ba4 Nf6 5. O-O Nxe4 6. d4 b5 7. Bb3 d5 8. dxe5
Be6 9. Qe2 Be7 10. Rd1 O-O 11. c3 Re8 12. Nbd2 Nc5 13. Bc2 Bg4 14. Nb3 g6 15.
Bf4 Ne6 16. Bg3 Bh4 17. Qe3 Bxg3 18. hxg3 Nf8 19. Nbd4 Nxe5 20. Nxe5 Bxd1 21.
Rxd1 Qd6 22. f4 f6 23. Ndf3 c6 24. Qb6 fxe5 25. Rxd5 Qb8 26. Qxc6 Qa7+ 27. Kh2
Rac8 28. Qf6 Re6 29. Qh4 exf4 30. gxf4 Qe7 31. Qg3 Kh8 32. Ne5 Rf6 33. Qh4 Rc7
34. Rd4 Ne6 35. Re4 Kg7 36. g3 Rf8 37. Qg4 Rf6 38. Re2 Qd6 39. Qh4 Re7 40. Ng4
Rf8 41. Qh6+ Kg8 42. Qh4 Kg7 43. Qh6+ Kg8 44. Ne5 Rf6 45. Bb3 Re8 46. Ng4 Rf7
47. Qh3 Kg7 48. Qh6+ Kg8 49. f5 Rxf5 50. Qe3 Kg7 51. Bxe6 Rff8 52. b3 a5 53. c4
bxc4 54. bxc4 Rd8 55. c5 Qd3 56. Qe5+ 1-0

[Event "PRO League Stage"]
[Site "Chess.com INT"]
[Date "2020.01.20"]
[Round "3"]
[White "Caruana, Fabiano"]
[Black "Robson, Ray"]
[Result "1-0"]
[WhiteElo "2822"]
[BlackElo "2673"]
[PlyCount "99"]
[EventDate "2020.01.06"]
[EventType "team-swiss (rapid)"]
[EventRounds "7"]
[EventCountry "USA"]
[SourceTitle "CBM 194 Extra"]
[Source "ChessBase"]
[SourceDate "2020.03.31"]
[SourceVersion "1"]
[SourceVersionDate "2020.03.31"]
[SourceQuality "1"]
[WhiteTeam "Saint Louis Arch Bishops"]
[BlackTeam "Chicago Wind"]
[WhiteTeamCountry "USA"]
[BlackTeamCountry "USA"]

1. e4 e5 2. Nf3 Nc6 3. Bb5 a6 4. Ba4 Nf6 5. d3 b5 6. Bb3 Bc5 7. c3 d6 8. Nbd2
O-O 9. h3 Be6 10. Bc2 d5 11. Ng5 h6 12. Nxe6 fxe6 13. O-O Qe8 14. g3 Rf7 15.
Kg2 Qd7 16. Nb3 Bb6 17. Qe2 Raf8 18. Be3 Nh7 19. Bc5 Rd8 20. a4 bxa4 21. Rxa4
a5 22. h4 Nf6 23. Raa1 Rb8 24. Ba3 Qc8 25. Rab1 Na7 26. exd5 exd5 27. d4 exd4
28. Nxd4 Bxd4 29. cxd4 Ne4 30. f3 Nd6 31. Bxd6 cxd6 32. Qd3 Rf6 33. Qh7+ Kf7
34. h5 Qg8 35. Qd3 Nc6 36. Rbe1 Qc8 37. Qd2 Kf8 38. Bg6 Ne7 39. Bh7 Qe8 40. g4
Qf7 41. Rf2 Rb7 42. Qxa5 Rb8 43. Qc7 Re8 44. Rfe2 Rxf3 45. Rxe7 Rf2+ 46. Kg1
Rxe7 47. Qd8+ Qe8 48. Qxe8+ Kxe8 49. Rxe7+ Kxe7 50. Kxf2 1-0

[Event "PRO League Stage"]
[Site "Chess.com INT"]
[Date "2020.01.20"]
[Round "3"]
[White "Nyzhnyk, Illya"]
[Black "Caruana, Fabiano"]
[Result "1/2-1/2"]
[WhiteElo "2662"]
[BlackElo "2822"]
[PlyCount "87"]
[EventDate "2020.01.06"]
[EventType "team-swiss (rapid)"]
[EventRounds "7"]
[EventCountry "USA"]
[SourceTitle "CBM 194 Extra"]
[Source "ChessBase"]
[SourceDate "2020.03.31"]
[SourceVersion "1"]
[SourceVersionDate "2020.03.31"]
[SourceQuality "1"]
[WhiteTeam "Chicago Wind"]
[BlackTeam "Saint Louis Arch Bishops"]
[WhiteTeamCountry "USA"]
[BlackTeamCountry "USA"]

1. c4 e5 2. Nc3 Nf6 3. Nf3 Nc6 4. e3 Be7 5. d4 d6 6. dxe5 Nxe5 7. Nxe5 dxe5 8.
Qxd8+ Bxd8 9. b3 c6 10. Bb2 Be6 11. O-O-O Be7 12. h3 h5 13. Bd3 Nd7 14. f4
O-O-O 15. f5 Nc5 16. Bc2 Bd7 17. b4 Na6 18. a3 Nc7 19. Ne4 Bxf5 20. Nd6+ Bxd6
21. Bxf5+ Ne6 22. Rhf1 Bc7 23. Bxe6+ fxe6 24. Rf7 Rxd1+ 25. Kxd1 Rd8+ 26. Ke2
Rd7 27. Rf8+ Rd8 28. Rf7 Rd7 29. Rf3 a5 30. e4 axb4 31. axb4 b6 32. b5 cxb5 33.
cxb5 Bd6 34. Rg3 Ra7 35. Kd3 Ra2 36. Bc3 Bc5 37. Rxg7 Ra3 38. Kc2 Bd4 39. Bd2
Ra2+ 40. Kd3 Ra3+ 41. Kc4 Ra2 42. Kd3 Ra3+ 43. Kc4 Ra2 44. Kd3 1/2-1/2

[Event "PRO League Stage"]
[Site "Chess.com INT"]
[Date "2020.01.20"]
[Round "3"]
[White "Quesada Perez, Yuniesky"]
[Black "Caruana, Fabiano"]
[Result "1/2-1/2"]
[WhiteElo "2601"]
[BlackElo "2822"]
[PlyCount "108"]
[EventDate "2020.01.06"]
[EventType "team-swiss (rapid)"]
[EventRounds "7"]
[EventCountry "USA"]
[SourceTitle "CBM 194 Extra"]
[Source "ChessBase"]
[SourceDate "2020.03.31"]
[SourceVersion "1"]
[SourceVersionDate "2020.03.31"]
[SourceQuality "1"]
[WhiteTeam "Chicago Wind"]
[BlackTeam "Saint Louis Arch Bishops"]
[WhiteTeamCountry "USA"]
[BlackTeamCountry "USA"]

1. e4 c5 2. Nf3 Nc6 3. Bb5 g6 4. O-O Bg7 5. c3 e5 6. d3 Nge7 7. Nbd2 O-O 8. a3
a6 9. Bc4 b5 10. Ba2 d6 11. b4 cxb4 12. axb4 a5 13. bxa5 Rxa5 14. Bb2 h6 15.
Bb3 Kh7 16. d4 Qb6 17. Rxa5 Nxa5 18. Ba2 Nac6 19. Qa1 Bd7 20. h3 exd4 21. Nxd4
Ne5 22. Qb1 b4 23. Ba1 Rb8 24. cxb4 Qxb4 25. Qxb4 Rxb4 26. Nc2 Rb8 27. f4 Nd3
28. Bxf7 Rf8 29. Bxg7 Kxg7 30. Rf3 Nxf4 31. Rxf4 Rxf7 32. Rxf7+ Kxf7 33. Kf2
Kf6 34. Ke3 g5 35. Nf3 Ng6 36. Kd4 Nf4 37. Ne3 Be6 38. h4 g4 39. Nd2 h5 40.
Ndf1 Ng6 41. g3 Ne5 42. Nd5+ Kg7 43. Nf4 Bf7 44. Ne3 Nf3+ 45. Kd3 Kf6 46. Nf5
d5 47. Nd6 dxe4+ 48. Kxe4 Bg6+ 49. Nxg6 Kxg6 50. Nc4 Kf6 51. Ne3 Nd2+ 52. Kf4
Kg6 53. Nxg4 hxg4 54. Kxg4 Ne4 1/2-1/2

[Event "PRO League Stage"]
[Site "Chess.com INT"]
[Date "2020.01.29"]
[Round "4"]
[White "Caruana, Fabiano"]
[Black "Naroditsky, Daniel"]
[Result "1-0"]
[WhiteElo "2822"]
[BlackElo "2621"]
[PlyCount "95"]
[EventDate "2020.01.06"]
[EventType "team-swiss (rapid)"]
[EventRounds "7"]
[EventCountry "USA"]
[SourceTitle "CBM 194 Extra"]
[Source "ChessBase"]
[SourceDate "2020.03.31"]
[SourceVersion "1"]
[SourceVersionDate "2020.03.31"]
[SourceQuality "1"]
[WhiteTeam "Saint Louis Arch Bishops"]
[BlackTeam "California Unicorns"]
[WhiteTeamCountry "USA"]
[BlackTeamCountry "USA"]

1. e4 e5 2. Nf3 Nc6 3. Bb5 a6 4. Ba4 Nf6 5. O-O Be7 6. Re1 b5 7. Bb3 d6 8. c3
O-O 9. h3 Na5 10. Bc2 c5 11. d4 Qc7 12. d5 Nc4 13. a4 Bd7 14. b3 Nb6 15. a5 Nc8
16. c4 b4 17. Nbd2 g6 18. Nf1 Nh5 19. g4 Nf4 20. Bxf4 exf4 21. Qd2 Bf6 22. Qxf4
Bxa1 23. Rxa1 f6 24. Ng3 Ne7 25. Qh6 Rf7 26. Kg2 Qd8 27. Nh4 Qf8 28. Qxf8+
Rfxf8 29. f4 g5 30. Nhf5 Ng6 31. Nxd6 Nxf4+ 32. Kf3 Rad8 33. Nb7 Rc8 34. Rh1
Ng6 35. Ke3 Rc7 36. Nd6 Rd8 37. Nh5 Kf8 38. Rf1 Ke7 39. Rxf6 Bxg4 40. hxg4 Rxd6
41. Rf5 Nh4 42. e5 Nxf5+ 43. gxf5 Rh6 44. Bd1 Kf7 45. Bg4 Kf8 46. Ke4 Rg7 47.
f6 Rf7 48. Kf5 1-0

[Event "PRO League Stage"]
[Site "Chess.com INT"]
[Date "2020.01.29"]
[Round "4"]
[White "Caruana, Fabiano"]
[Black "Swiercz, Dariusz"]
[Result "1-0"]
[WhiteElo "2822"]
[BlackElo "2659"]
[PlyCount "73"]
[EventDate "2020.01.06"]
[EventType "team-swiss (rapid)"]
[EventRounds "7"]
[EventCountry "USA"]
[SourceTitle "CBM 194 Extra"]
[Source "ChessBase"]
[SourceDate "2020.03.31"]
[SourceVersion "1"]
[SourceVersionDate "2020.03.31"]
[SourceQuality "1"]
[WhiteTeam "Saint Louis Arch Bishops"]
[BlackTeam "California Unicorns"]
[WhiteTeamCountry "USA"]
[BlackTeamCountry "USA"]

1. e4 e5 2. Nf3 Nc6 3. Bb5 Nf6 4. d3 Bc5 5. Bxc6 dxc6 6. Nbd2 Bg4 7. h3 Bh5 8.
Qe2 Nd7 9. g4 Bg6 10. Nc4 Qe7 11. Bd2 O-O-O 12. O-O-O f6 13. Nh4 Bf7 14. Nf5
Qf8 15. Kb1 g6 16. Nfe3 Qe7 17. Bc3 Kb8 18. Rhf1 Bd4 19. Qe1 Nc5 20. Bb4 Qe6
21. b3 h5 22. f4 hxg4 23. hxg4 Qe8 24. fxe5 fxe5 25. g5 Bxc4 26. Nxc4 Ne6 27.
Bd2 b5 28. Na5 Bb6 29. Rf6 Rh2 30. Bc3 Bxa5 31. Bxa5 Nd4 32. Rd2 Rh3 33. Rdf2
Qh8 34. Bxc7+ Kxc7 35. Qa5+ Kd7 36. Qxa7+ Kc8 37. Rf7 1-0

[Event "PRO League Stage"]
[Site "Chess.com INT"]
[Date "2020.01.29"]
[Round "4"]
[White "Oparin, Grigoriy"]
[Black "Caruana, Fabiano"]
[Result "1-0"]
[WhiteElo "2650"]
[BlackElo "2822"]
[PlyCount "53"]
[EventDate "2020.01.06"]
[EventType "team-swiss (rapid)"]
[EventRounds "7"]
[EventCountry "USA"]
[SourceTitle "CBM 194 Extra"]
[Source "ChessBase"]
[SourceDate "2020.03.31"]
[SourceVersion "1"]
[SourceVersionDate "2020.03.31"]
[SourceQuality "1"]
[WhiteTeam "California Unicorns"]
[BlackTeam "Saint Louis Arch Bishops"]
[WhiteTeamCountry "USA"]
[BlackTeamCountry "USA"]

1. Nf3 d5 2. e3 Bg4 3. h3 Bxf3 4. Qxf3 e5 5. d4 e4 6. Qd1 Bd6 7. c4 c6 8. Qb3
Qd7 9. Nc3 Ne7 10. c5 Bc7 11. Qxb7 O-O 12. Qxa8 Ba5 13. Bd2 Qc7 14. Rb1 Bb4 15.
a3 Bxc5 16. dxc5 Nd7 17. Qxf8+ Kxf8 18. b4 g6 19. Ne2 Nf5 20. Bc3 Ne5 21. Nd4
Nh4 22. b5 Nxg2+ 23. Bxg2 Nd3+ 24. Ke2 cxb5 25. c6 a6 26. Rbc1 Ne5 27. Ba5 1-0